| 000 | 00452nam a2200121Ia 4500 | ||
|---|---|---|---|
| 008 | 220216s9999 xx 000 0 und d | ||
| 100 | _aBhandari Vivek | ||
| 245 | 0 | _aMeasurement of uncertainty for testing in rubber industry | |
| 260 | _bInternational Conference and Exhibition on Rubber and Allied Materials Asia Rub Tech Expo 2002. 28-30 November 2002, New Delhi. pp.411-415. | ||
| 650 | _aRubber industry | ||
| 700 | _aDasgupta Saikat | ||
| 942 | _cJS | ||
| 999 |
_c62676 _d62676 |
||